Möbius: A Journal for Continuing Education Professionals in Health Sciences

Dettagli Bibliografici
Natura: Elettronico Periodico
Lingua:English
Pubblicazione: Wiley
Accesso online:Full text available on Wiley[01/01/1996-31/01/2016]
Off-campus access
LEADER 00946cas a2200193 a 4500
001 AALejournalWiley001032
008 230103c9999 xx r poo 0 0eng d
022 |a 0272-3425 
022 |a 1554-558X 
040 |a BD-DhAAL  |c BD-DhAAL 
245 0 0 |h [electronic resource]  |a Möbius: A Journal for Continuing Education Professionals in Health Sciences 
260 2 |a Wiley 
300 |a 1 online resource 
500 |a <strong>Off-Campus Access:</strong> Athens ID and Password Required 
500 |a <strong>On-Campus Access:</strong> No User ID or Password Required 
506 |a Electronic access restricted to authorized BRAC University faculty, staff and students 
538 |a Mode of access: Internet 
856 4 0 |z Full text available on Wiley[01/01/1996-31/01/2016]  |u https://onlinelibrary.wiley.com/loi/1554558xa 
856 4 0 |z Off-campus access  |u https://go.openathens.net/redirector/bracu.ac.bd?url=https%3A%2F%2Fonlinelibrary.wiley.com%2Floi%2F1554558xa